| 000 | 00651nam a2200169Ia 4500 | ||
|---|---|---|---|
| 008 | 240428s9999||||xx |||||||||||||| ||und|| | ||
| 020 | _a9780195086812 | ||
| 041 | _aeng | ||
| 082 | _a322.1C | ||
| 100 | _aMaclear, J.F. | ||
| 245 | 0 | _aChurch and State in the Modern Age: A Documentary History | |
| 260 |
_bOxford University Press _aOxford _c1995 |
||
| 300 | _ax, 510p | ||
| 650 | _a - Church and statde -- History -- 18th century -- So - PoliticalChurch and state -- History -- 19th centu - Church and state -- History -- 20th century - Church and state -- Europe -- History - Church and state -- America -- History | ||
| 942 | _cBK | ||
| 999 |
_c495 _d495 |
||